| 000 | 00406cam a2200157ua 4500 | ||
|---|---|---|---|
| 003 | OSt | ||
| 008 | 250506b |||||||| |||| 00| 0 eng d | ||
| 020 | _a9788120341982 | ||
| 082 |
_a624.1517 _bROY/FU |
||
| 100 |
_aRoy, S K . _97456 |
||
| 245 | _aFundamentals of surveying / | ||
| 250 | _a2 | ||
| 260 |
_aNew Jersey : _aNew Delhi : _bPrentice Hall Inc , _c1999. _c2012 |
||
| 300 | _a606 ; . | ||
| 942 | _cBK | ||
| 999 |
_c10406 _d10406 |
||